Técnicas de programación de computadores / (Record no. 143928)
[ view plain ]
| 000 -LEADER | |
|---|---|
| campo de control de longitud fija | 00515nam a2200157 4500 |
| 001 - NÚMERO DE CONTROL | |
| campo de control | 143928 |
| 003 - IDENTIFICADOR DE NÚMERO DE CONTROL | |
| campo de control | ES-MaACL |
| 007 - CAMPO FIJO DE DESCRIPCIÓN FÍSICA--INFORMACIÓN GENERAL | |
| campo de control de longitud fija | t| |
| 008 - DATOS DE LONGITUD FIJA--INFORMACIÓN GENERAL | |
| campo de control de longitud fija | 070214s1973 sp r ||||1| spa d |
| 100 1# - ENTRADA PRINCIPAL--NOMBRE DE PERSONA | |
| Nombre de persona | Sherman, Philip M. |
| 9 (RLIN) | 106103 |
| 245 10 - MENCIÓN DEL TÍTULO | |
| Título | Técnicas de programación de computadores / |
| Mención de responsabilidad, etc. | Philip M. Sherman ; traducción y adaptación de Ernesto Bollo. |
| 260 ## - PUBLICACIÓN, DISTRIBUCIÓN, ETC. | |
| Lugar de publicación, distribución, etc. | Madrid : |
| Nombre del editor, distribuidor, etc. | Prentice Hall, |
| Fecha de publicación, distribución, etc. | 1973. |
| 300 ## - DESCRIPCIÓN FÍSICA | |
| Extensión | XVII, 363 p. : |
| Otras características físicas | il. ; |
| Dimensiones | 24 cm. |
| 700 1# - ENTRADA AGREGADA--NOMBRE PERSONAL | |
| Nombre de persona | Bollo, Ernesto. |
| 9 (RLIN) | 29993 |
| 852 ## - LOCALIZACIÓN | |
| Ubicación | ES-MaACL |
| Número de control de estantería | E-7514 |
| Sublocalización o colección | R.91591 |
| Estatus retirado | Estado de pérdida | Estado de daño | No para préstamo | Biblioteca de origen | Biblioteca actual | Ubicación en estantería | Fecha de adquisición | Fuente de adquisición | Total de préstamos | Signatura topográfica completa | Código de barras | Visto por última vez | Precio de reemplazo | Tipo de ítem Koha |
|---|---|---|---|---|---|---|---|---|---|---|---|---|---|---|
| Biblioteca del Ateneo de Madrid | Biblioteca del Ateneo de Madrid | Depósito 2 | 17/01/2008 | E-7514 | 1149744 | 23/02/2023 | 23/02/2023 | Libro impreso |
